| 000 | 00760nam a2200205 a 4500 | ||
|---|---|---|---|
| 003 | 0 | ||
| 005 | 20250217113218.0 | ||
| 008 | 130827s19uu xx 00 eng d | ||
| 050 |
_aPGS HQ 1075 _b.B726 2013 |
||
| 100 | _aBorabien, Gabriel Exequiel R. | ||
| 245 |
_aGender and time management of grade six students / _cGabriel Exequiel R. Borabien. |
||
| 260 |
_aLas PiƱas City, Philippines : _bSouthville International School and Colleges, _c2013. |
||
| 300 |
_a25 pages : _billustrations ; _c28 cm. |
||
| 504 | _aIncludes bibliographical references. | ||
| 650 |
_aTime management _vSex differences. |
||
| 650 | _aTime management in children. | ||
| 650 | _aGender identity in children. | ||
| 650 |
_aSchool children _vTime management. |
||
| 942 |
_2lcc _cPASS |
||
| 999 |
_c98978 _d98978 |
||